[Event "4NCL Online Division 2"]
[Site "online"]
[Date "2020.09.22"]
[Round "3.102"]
[White "Vleeshhouwer, Douglas"]
[Black "Garnett, John S"]
[Result "1-0"]
[WhiteElo "2065"]
[BlackElo "1960"]
[PlyCount "71"]
[EventDate "2020.09.22"]
[WhiteTeam "Hull & Beverley Romans 1"]
[BlackTeam "Ashfield Anonymous A"]

1. b3 d5 2. Bb2 Bg4 3. f3 Bf5 4. e3 Nd7 5. Nc3 Ngf6 6. g4 Be6 7. Nge2 c6 8. Nf4
Qc7 9. g5 Ng8 10. Nxe6 fxe6 11. f4 O-O-O 12. Qg4 e5 13. Ne2 Kb8 14. fxe5 Nxe5
15. Qf4 Ng6 16. Qxc7+ Kxc7 17. Nd4 Kd6 18. h4 e5 19. Nf5+ Kd7 20. Bh3 Ke8 21.
h5 N6e7 22. Bxe5 Nxf5 23. Bxf5 Ne7 24. Bd3 c5 25. h6 Kf7 26. O-O-O Ng6 27.
Rhf1+ Ke6 28. hxg7 Kxe5 29. gxh8=Q+ Nxh8 30. Bxh7 Bg7 31. d4+ cxd4 32. exd4+
Kd6 33. c3 b5 34. b4 Ra8 35. Kb2 a5 36. a3 1-0

[Event "4NCL Online Division 2"]
[Site "online"]
[Date "2020.09.22"]
[Round "3.103"]
[White "Truman, Richard G"]
[Black "Hodge, Steve R"]
[Result "0-1"]
[WhiteElo "2035"]
[BlackElo "1997"]
[PlyCount "40"]
[EventDate "2020.09.22"]
[WhiteTeam "Ashfield Anonymous A"]
[BlackTeam "Hull & Beverley Romans 1"]

1. d4 f5 2. Bg5 g6 3. Nd2 Bg7 4. e3 Nf6 5. Bd3 d6 6. h4 h6 7. Bxf6 Bxf6 8. h5
g5 9. c3 e6 10. Qc2 O-O 11. Ne2 Nc6 12. O-O-O Bd7 13. Rdg1 Bg7 14. f3 Ne7 15.
e4 Kh8 16. Rf1 c5 17. Kb1 b5 18. exf5 c4 19. Be4 d5 20. fxe6 Bxe6 0-1

[Event "4NCL Online Division 2"]
[Site "online"]
[Date "2020.09.22"]
[Round "3.104"]
[White "Turner, Tim M"]
[Black "Flynn, David"]
[Result "1-0"]
[WhiteElo "1892"]
[BlackElo "1862"]
[PlyCount "75"]
[EventDate "2020.09.22"]
[WhiteTeam "Hull & Beverley Romans 1"]
[BlackTeam "Ashfield Anonymous A"]

1. Nf3 Nf6 2. d4 g6 3. c4 Bg7 4. g3 O-O 5. Bg2 c6 6. O-O d5 7. Nc3 dxc4 8. Qc2
Nfd7 9. Rd1 Qc7 10. Bg5 Re8 11. d5 Nf6 12. Bf4 Qa5 13. Bxb8 Rxb8 14. dxc6 bxc6
15. Nd4 Qc7 16. Bxc6 Bd7 17. Bxd7 Nxd7 18. Ndb5 Qb7 19. Rab1 Nc5 20. Na3 Qa6
21. Nd5 Bxb2 22. Rxb2 Qxa3 23. Rxb8 Rxb8 24. Nxe7+ Kf8 25. Nc6 Rc8 26. Ne5 c3
27. Rc1 Na4 28. Nd3 Kg7 29. Kf1 Nb2 30. Qb3 Qxb3 31. axb3 Kf6 32. Nb4 Ke5 33.
Ke1 Kd4 34. e3+ Ke4 35. Ke2 Rd8 36. f3+ Ke5 37. Rxc3 Rb8 38. Nc6+ 1-0

[Event "4NCL Online Division 2"]
[Site "online"]
[Date "2020.09.22"]
[Round "3.111"]
[White "Sedykh, Mikhail"]
[Black "Ilesanmi, Olusegun"]
[Result "0-1"]
[WhiteElo "2192"]
[BlackElo "1915"]
[PlyCount "58"]
[EventDate "2020.09.22"]
[WhiteTeam "Catford Cosmonauts 1"]
[BlackTeam "Shropshire 2"]

1. d4 Nf6 2. c4 d6 3. Nc3 Bf5 4. f3 e5 5. e4 exd4 6. Nd5 Bd7 7. Qxd4 Nc6 8. Qc3
Ne5 9. Bf4 Nxd5 10. cxd5 Be7 11. Bxe5 dxe5 12. Bc4 b5 13. Bd3 O-O 14. Ne2 c5
15. dxc6 Rc8 16. O-O Bxc6 17. Rac1 Bg5 18. Rc2 b4 19. Qb3 Ba4 20. Qxa4 Qxd3 21.
Rxc8 Rxc8 22. Ng3 Qd4+ 23. Kh1 g6 24. a3 bxa3 25. Qxd4 exd4 26. bxa3 d3 27. f4
Bxf4 28. Rxf4 Rc1+ 29. Rf1 d2 0-1

[Event "4NCL Online Division 2"]
[Site "online"]
[Date "2020.09.22"]
[Round "3.112"]
[White "Pugh, Glyn D"]
[Black "Orlovska, Madara"]
[Result "0-1"]
[WhiteElo "1900"]
[BlackElo "2125"]
[PlyCount "82"]
[EventDate "2020.09.22"]
[WhiteTeam "Shropshire 2"]
[BlackTeam "Catford Cosmonauts 1"]

1. e4 c5 2. Nc3 d6 3. g3 g6 4. Bg2 Bg7 5. d3 Nc6 6. Be3 Nf6 7. f4 Ng4 8. Bd2 f5
9. h3 Nf6 10. Nge2 O-O 11. Be3 Qb6 12. Qd2 e6 13. Nd1 Qc7 14. O-O Rb8 15. Nf2
Nd7 16. c3 b5 17. d4 Na5 18. b3 Bb7 19. Rac1 Nf6 20. Qc2 c4 21. b4 Nc6 22. d5
exd5 23. exf5 Rbe8 24. Bd4 Qe7 25. Rce1 Ne4 26. Bxg7 Kxg7 27. Nd4 Nxd4 28. cxd4
gxf5 29. g4 fxg4 30. Nxg4 h5 31. Ne3 Qf6 32. Qd1 Kh6 33. Qf3 Rg8 34. f5 Qxd4
35. Qf4+ Kh7 36. Kh2 Qe5 37. f6 Qxf4+ 38. Rxf4 Rgf8 39. Rf5 Nxf6 40. Nxd5 Rxe1
41. Nxf6+ Rxf6 0-1

[Event "4NCL Online Division 2"]
[Site "online"]
[Date "2020.09.22"]
[Round "3.113"]
[White "Roberts, Mike"]
[Black "Raghavan, Rajeev P"]
[Result "1-0"]
[WhiteElo "2042"]
[BlackElo "1870"]
[PlyCount "39"]
[EventDate "2020.09.22"]
[WhiteTeam "Catford Cosmonauts 1"]
[BlackTeam "Shropshire 2"]

1. e4 e6 2. d4 d5 3. Nd2 Nf6 4. e5 Nfd7 5. f4 c5 6. Ndf3 Nc6 7. c3 Qb6 8. Ne2
Be7 9. g3 f6 10. Bh3 Na5 11. O-O O-O 12. Kg2 Rf7 13. dxc5 Qc7 14. Bxe6 fxe5 15.
Bxf7+ Kxf7 16. Qxd5+ Kf8 17. Nxe5 Nxe5 18. fxe5+ Ke8 19. Qg8+ Kd7 20. Rd1+ 1-0

[Event "4NCL Online Division 2"]
[Site "online"]
[Date "2020.09.22"]
[Round "3.114"]
[White "Smith, Mark"]
[Black "Gruau, Martin G"]
[Result "0-1"]
[WhiteElo "1802"]
[BlackElo "2035"]
[PlyCount "78"]
[EventDate "2020.09.22"]
[WhiteTeam "Shropshire 2"]
[BlackTeam "Catford Cosmonauts 1"]

1. e4 c5 2. Nc3 g6 3. g3 Bg7 4. Bg2 Nc6 5. d3 e6 6. Be3 Nd4 7. Rb1 Ne7 8. Nce2
Nec6 9. c3 Nxe2 10. Nxe2 b6 11. Nf4 Ba6 12. Qd2 Ne5 13. c4 O-O 14. h3 Qf6 15.
O-O Rac8 16. Kh2 d6 17. Ne2 Nf3+ 18. Bxf3 Qxf3 19. Ng1 Qf6 20. Bg5 Bh6 21. Bxh6
Rfe8 22. Bg5 Qg7 23. Nf3 Bb7 24. Qf4 f5 25. Nd2 Qd7 26. f3 Rf8 27. Qh4 Rf7 28.
Rbe1 Rcf8 29. Bh6 Re8 30. Qg5 Kh8 31. h4 Bc8 32. g4 Rg8 33. Rg1 Bb7 34. gxf5
exf5 35. h5 Bc8 36. hxg6 Rxg6 37. Qh4 f4 38. Bxf4 Rxf4 39. Qh3 Qxh3# 0-1

[Event "4NCL Online Division 2"]
[Site "online"]
[Date "2020.09.22"]
[Round "3.121"]
[White "Villiers, Thomas"]
[Black "Olehnovics, Andrejs"]
[Result "1-0"]
[WhiteElo "2252"]
[BlackElo "2050"]
[PlyCount "63"]
[EventDate "2020.09.22"]
[WhiteTeam "Mushrooms 1"]
[BlackTeam "Oxford 2"]

1. c4 e5 2. Nc3 Nf6 3. g3 d5 4. cxd5 Nxd5 5. Bg2 Nxc3 6. bxc3 c6 7. Qc2 Be6 8.
Nf3 Nd7 9. O-O Be7 10. Rb1 Qc7 11. d4 exd4 12. cxd4 O-O 13. Bf4 Qc8 14. Rfd1
Rd8 15. Ng5 Nf8 16. Nxe6 Nxe6 17. Be5 Bd6 18. Qe4 Nc7 19. Bxd6 Rxd6 20. Qf4 Rf6
21. Qc1 Nb5 22. e4 Rd6 23. d5 Nc7 24. e5 Rxd5 25. Bxd5 Nxd5 26. Qc4 Qd7 27. a4
a5 28. Qc5 Rc8 29. Qxa5 b6 30. Rxb6 Qg4 31. Rbb1 Nf4 32. Qd8+ 1-0

[Event "4NCL Online Division 2"]
[Site "online"]
[Date "2020.09.22"]
[Round "3.122"]
[White "Rasanen, Otto"]
[Black "Wilks, Simon"]
[Result "1/2-1/2"]
[WhiteElo "2035"]
[BlackElo "2207"]
[PlyCount "72"]
[EventDate "2020.09.22"]
[WhiteTeam "Oxford 2"]
[BlackTeam "Mushrooms 1"]

1. c4 Nf6 2. g3 e6 3. Bg2 d5 4. Nf3 Be7 5. O-O O-O 6. b3 b6 7. Bb2 c5 8. e3 Nc6
9. cxd5 Nxd5 10. a3 Ba6 11. Re1 Rc8 12. d4 cxd4 13. Nxd4 Bb7 14. Nd2 Nxd4 15.
Bxd4 Bf6 16. Ne4 Bxd4 17. Qxd4 Qe7 18. Qb2 Rfd8 19. Rac1 h6 20. Red1 Ba8 21. b4
f5 22. Nd2 Nf6 23. Bxa8 Rxa8 24. Nc4 Ne4 25. Ne5 Rac8 26. Rxc8 Rxc8 27. b5 Rd8
28. Rd4 Rxd4 29. Qxd4 Qxa3 30. Qd8+ Kh7 31. Nd7 Qc1+ 32. Kg2 Qd2 33. Nf8+ Kg8
34. Nd7+ Kh7 35. Nf8+ Kg8 36. Nd7+ Kh7 1/2-1/2

[Event "4NCL Online Division 2"]
[Site "online"]
[Date "2020.09.22"]
[Round "3.123"]
[White "Scott, David A"]
[Black "Finn, Chris"]
[Result "1-0"]
[WhiteElo "2057"]
[BlackElo "1877"]
[PlyCount "99"]
[EventDate "2020.09.22"]
[WhiteTeam "Mushrooms 1"]
[BlackTeam "Oxford 2"]

1. d4 e6 2. Nf3 Nf6 3. g3 d5 4. Bg2 Be7 5. O-O O-O 6. c4 c6 7. Qc2 Nbd7 8. Nbd2
Qc7 9. e4 dxe4 10. Nxe4 e5 11. dxe5 Nxe5 12. Nxe5 Qxe5 13. Bf4 Qf5 14. Rfe1 Be6
15. Nxf6+ Qxf6 16. Be5 Qg5 17. Rad1 Bb4 18. Bc3 Qc5 19. b3 Rad8 20. Bxb4 Qxb4
21. Re3 Bg4 22. Bf3 Bxf3 23. Rxf3 Rxd1+ 24. Qxd1 Re8 25. Qd7 Qe1+ 26. Kg2 Qe7
27. Qd4 a6 28. Re3 Qd8 29. Qxd8 Rxd8 30. Re7 Rb8 31. Rc7 g6 32. Kf3 Kg7 33. h4
Kf6 34. a4 h5 35. Kf4 a5 36. f3 Kg7 37. c5 b5 38. Rxc6 bxa4 39. bxa4 Rb4+ 40.
Ke5 Rxa4 41. Ra6 Kf8 42. Kd6 Rd4+ 43. Kc7 Ke7 44. Rxa5 Rd3 45. g4 hxg4 46. fxg4
Rh3 47. g5 Rxh4 48. c6 Rc4 49. Re5+ Kf8 50. Kb7 1-0

[Event "4NCL Online Division 2"]
[Site "online"]
[Date "2020.09.22"]
[Round "3.124"]
[White "Zakarian, Dimitrios Levon"]
[Black "Wilson, David Jn."]
[Result "0-1"]
[WhiteElo "1915"]
[BlackElo "2035"]
[PlyCount "80"]
[EventDate "2020.09.22"]
[WhiteTeam "Oxford 2"]
[BlackTeam "Mushrooms 1"]

1. d4 Nf6 2. Nf3 e6 3. c4 b6 4. a3 Bb7 5. Nc3 c6 6. e4 d6 7. Bg5 Be7 8. Bd3
Nbd7 9. Qc2 e5 10. dxe5 Nxe5 11. Nxe5 dxe5 12. O-O O-O 13. f4 exf4 14. Rxf4 h6
15. Bxf6 Bxf6 16. Re1 Be5 17. Rf5 Bc8 18. Rff1 Qd6 19. h3 Rd8 20. Rd1 Qg6 21.
Rf3 Be6 22. Rdf1 Rd6 23. Ne2 Rad8 24. Kh1 Qg5 25. b4 g6 26. Nc1 Bd4 27. Ne2 Bg7
28. Nf4 Bc8 29. b5 Be5 30. Ne2 cxb5 31. cxb5 Be6 32. a4 Rc8 33. Qb1 Qd2 34. Rd1
Qa2 35. Qxa2 Bxa2 36. Rc1 Rcd8 37. Bb1 Rd1+ 38. Rf1 Rxf1+ 39. Rxf1 Bc4 40. Re1
Bxe2 0-1

[Event "4NCL Online Division 2"]
[Site "online"]
[Date "2020.09.22"]
[Round "3.131"]
[White "John, Joshua"]
[Black "Jugand, Jean-Baptiste"]
[Result "0-1"]
[WhiteElo "2027"]
[BlackElo "2057"]
[PlyCount "86"]
[EventDate "2020.09.22"]
[WhiteTeam "CSC 3"]
[BlackTeam "Kent KJCA Kestrels B"]

1. d4 d5 2. c4 dxc4 3. Nc3 c6 4. a4 Bd7 5. a5 e6 6. Ne4 f5 7. Nc5 Bxc5 8. dxc5
Na6 9. Qd4 Qe7 10. Be3 Nf6 11. Nf3 Ng4 12. Bg5 Nf6 13. Be3 O-O 14. Qxc4 Nd5 15.
Bd4 Rad8 16. Rc1 Kh8 17. e3 Be8 18. Be5 Qf7 19. Be2 Nb8 20. Bd6 Rg8 21. h4 Nd7
22. h5 h6 23. g4 Qf6 24. gxf5 exf5 25. Bd3 b6 26. cxb6 Qxd6 27. b7 f4 28. Qxc6
Qb4+ 29. Kf1 N7f6 30. Ne5 Rb8 31. Qe6 Qxb7 32. Ke2 Qxb2+ 33. Rc2 Qb7 34. Bg6
Nxe3 35. Bxe8 Rgxe8 36. Nf7+ Kh7 37. Qh3 Nxc2+ 38. Kf1 Qxf7 39. Qf5+ Kg8 40.
Qxc2 Rbc8 41. Qb2 Qd5 42. Rg1 f3 43. Qa1 Qd3# 0-1

[Event "4NCL Online Division 2"]
[Site "online"]
[Date "2020.09.22"]
[Round "3.132"]
[White "Ball, Laurence"]
[Black "Evans, Harry G"]
[Result "1-0"]
[WhiteElo "2090"]
[BlackElo "1870"]
[PlyCount "75"]
[EventDate "2020.09.22"]
[WhiteTeam "Kent KJCA Kestrels B"]
[BlackTeam "CSC 3"]

1. e4 c6 2. d4 d5 3. e5 c5 4. dxc5 e6 5. a3 Bxc5 6. b4 Bb6 7. Nf3 Nc6 8. Bb2
Nge7 9. Nbd2 Ng6 10. Bd3 Nf4 11. O-O Nxd3 12. cxd3 O-O 13. Re1 Bd7 14. Nb3 a5
15. b5 Ne7 16. a4 Rc8 17. Qd2 Bc7 18. Rac1 b6 19. Nbd4 Bb8 20. h3 Rc5 21. Rxc5
bxc5 22. Nb3 c4 23. dxc4 dxc4 24. Nxa5 Nd5 25. Nxc4 Bc7 26. Bd4 Qa8 27. Qc2 Rc8
28. Qb3 Bd8 29. Ra1 Rb8 30. Ra2 Nf4 31. Nd6 Be7 32. Bc5 Bc6 33. Qe3 Nxh3+ 34.
Kh2 Bxf3 35. Qxf3 Qxf3 36. gxf3 Nf4 37. Ba7 Bxd6 38. exd6 1-0

[Event "4NCL Online Division 2"]
[Site "online"]
[Date "2020.09.22"]
[Round "3.133"]
[White "Towers, Nigel S"]
[Black "Watson, Jacob"]
[Result "1/2-1/2"]
[WhiteElo "1858"]
[BlackElo "2050"]
[PlyCount "74"]
[EventDate "2020.09.22"]
[WhiteTeam "CSC 3"]
[BlackTeam "Kent KJCA Kestrels B"]

1. e4 c6 2. d4 d5 3. exd5 cxd5 4. Bd3 Nf6 5. c3 Nc6 6. Bf4 Bg4 7. Qb3 Qd7 8.
Nd2 e6 9. Ngf3 Be7 10. O-O O-O 11. Rae1 b6 12. Bb5 Bxf3 13. Nxf3 Bd6 14. Bxd6
Qxd6 15. Bxc6 Qxc6 16. Ne5 Qc7 17. Re3 Ne4 18. Qd1 f6 19. Nd3 Rae8 20. f3 Nd6
21. Qe2 Qd7 22. Nf4 Nc4 23. Rxe6 Rxe6 24. Qxe6+ Qxe6 25. Nxe6 Re8 26. Nf4 Nxb2
27. Nxd5 Re2 28. Nb4 Nc4 29. h4 a5 30. Nd5 Rxa2 31. Rb1 Rc2 32. Nxb6 Nxb6 33.
Rxb6 Rxc3 34. Ra6 Rd3 35. Rxa5 Rxd4 36. g3 Rd2 37. Ra7 h6 1/2-1/2

[Event "4NCL Online Division 2"]
[Site "online"]
[Date "2020.09.22"]
[Round "3.134"]
[White "Keenan, Brendan"]
[Black "Kumar, Soham"]
[Result "1/2-1/2"]
[WhiteElo "1952"]
[BlackElo "1862"]
[PlyCount "127"]
[EventDate "2020.09.22"]
[WhiteTeam "Kent KJCA Kestrels B"]
[BlackTeam "CSC 3"]

1. d4 Nf6 2. Bf4 g6 3. e3 Bg7 4. Nf3 d6 5. Be2 Nbd7 6. h3 O-O 7. O-O Re8 8. c4
b6 9. Nc3 Bb7 10. Rc1 e5 11. Bh2 Qe7 12. Re1 Rad8 13. b4 Nf8 14. Qc2 exd4 15.
Nxd4 Ne6 16. Nf3 c5 17. b5 Nc7 18. Red1 Ne4 19. Nxe4 Bxe4 20. Qa4 Ne6 21. Nd2
Ba8 22. Bf3 Bxf3 23. Nxf3 Bf8 24. Rd3 Rd7 25. Rcd1 Red8 26. R1d2 Ng5 27. Nxg5
Qxg5 28. Qd1 Qf5 29. a4 Qe4 30. Qb3 d5 31. f3 Qf5 32. Rxd5 Rxd5 33. Rxd5 Rxd5
34. cxd5 Qg5 35. Qd3 c4 36. Qc3 Qxd5 37. Kf2 Bg7 38. Qc2 c3 39. Bf4 Qc4 40. Ke1
h6 41. g4 Bf6 42. Bg3 Qc5 43. Bf2 Qa3 44. Ke2 Qa1 45. Be1 Qa3 46. Bg3 Qc5 47.
Bf2 Qc4+ 48. Ke1 Be7 49. Bg3 Bc5 50. Kf2 Bf8 51. Be5 Bg7 52. Bxg7 Kxg7 53. e4
Kf6 54. Ke3 Ke6 55. f4 g5 56. fxg5 hxg5 57. Qd3 Qb4 58. Qd5+ Ke7 59. Qxg5+ f6
60. Qg7+ Ke6 61. Qg8+ Ke7 62. Qg7+ Ke6 63. Qg8+ Ke7 64. Qg7+ 1/2-1/2

[Event "4NCL Online Division 2"]
[Site "online"]
[Date "2020.09.22"]
[Round "3.141"]
[White "Simmons, Matthew"]
[Black "Walkusz, Miroslaw"]
[Result "0-1"]
[WhiteElo "2075"]
[BlackElo "1939"]
[PlyCount "72"]
[EventDate "2020.09.22"]
[WhiteTeam "Schach Attack"]
[BlackTeam "Harrow 2"]

1. e4 c5 2. Nc3 e6 3. f4 d5 4. Nf3 d4 5. Ne2 Nc6 6. Ng3 a6 7. a4 Nf6 8. Bc4 h5
9. Ng5 h4 10. Ne2 Be7 11. d3 Nd7 12. O-O Bxg5 13. fxg5 h3 14. gxh3 Nce5 15. Ng3
Nxc4 16. dxc4 Ne5 17. Bf4 Ng6 18. Bd2 Bd7 19. Qf3 Qe7 20. b4 Rxh3 21. b5 e5 22.
Rab1 Be6 23. bxa6 Rxa6 24. Qb3 Bc8 25. Qb5+ Kf8 26. Nf5 Qc7 27. Rb3 Rxb3 28.
cxb3 Bd7 29. Qxa6 bxa6 30. b4 Bxf5 31. exf5 Nf4 32. b5 axb5 33. axb5 Ne2+ 34.
Kf2 Nc3 35. Bxc3 dxc3 36. Ra1 Qd8 0-1

[Event "4NCL Online Division 2"]
[Site "online"]
[Date "2020.09.22"]
[Round "3.142"]
[White "Patel, Rishi"]
[Black "Burrows, Nick"]
[Result "1-0"]
[WhiteElo "1891"]
[BlackElo "2042"]
[PlyCount "79"]
[EventDate "2020.09.22"]
[WhiteTeam "Harrow 2"]
[BlackTeam "Schach Attack"]

1. e4 d5 2. exd5 Qxd5 3. Nc3 Qa5 4. d4 c6 5. Bc4 Bf5 6. Nf3 Nf6 7. O-O e6 8.
Re1 Nbd7 9. Bf4 Bb4 10. Re3 O-O 11. a3 Bxc3 12. Rxc3 Rfe8 13. Rb3 b5 14. Bf1
Be4 15. Ne5 Nxe5 16. Bxe5 Nd7 17. Bg3 Qd8 18. Re3 Bg6 19. Qf3 Qb6 20. c3 Nf6
21. Be5 Nd5 22. Ree1 a6 23. h4 h6 24. Qg3 Ne7 25. h5 Nf5 26. Qf4 Bh7 27. Bd3 f6
28. Bc7 Qb7 29. Ba5 Qf7 30. g4 Ne7 31. Bxh7+ Kxh7 32. Qe4+ Kg8 33. Qxe6 Nd5 34.
Qxc6 f5 35. gxf5 Nf4 36. Qf3 Qxf5 37. Bc7 Qg5+ 38. Kf1 Nxh5 39. Re5 Rxe5 40.
Qxa8+ 1-0

[Event "4NCL Online Division 2"]
[Site "online"]
[Date "2020.09.22"]
[Round "3.143"]
[White "Alizada, Eldar"]
[Black "Dhemrait, Jagdeep"]
[Result "1-0"]
[WhiteElo "2027"]
[BlackElo "1810"]
[PlyCount "72"]
[EventDate "2020.09.22"]
[WhiteTeam "Schach Attack"]
[BlackTeam "Harrow 2"]

1. d4 Nf6 2. c4 g6 3. Nc3 Bg7 4. e4 d6 5. f3 O-O 6. Be3 e5 7. d5 Ne8 8. Bd3 Nd7
9. Nge2 Kh8 10. Qd2 c5 11. O-O-O a6 12. h4 f5 13. Bg5 Bf6 14. Bh6 Bg7 15. h5
Kg8 16. hxg6 hxg6 17. Bxg7 Nxg7 18. Qh6 Kf7 19. exf5 gxf5 20. Qxd6 Qf6 21. Qc7
Qb6 22. Qxb6 Nxb6 23. Ng3 Bd7 24. Rh6 Nc8 25. Rdh1 Ne7 26. Nh5 Nxh5 27. R1xh5
Rg8 28. Rh7+ Rg7 29. Rxg7+ Kxg7 30. d6 Kg6 31. g4 e4 32. Nxe4 Nc6 33. Nxc5 Ne5
34. Bxf5+ Bxf5 35. Rxf5 Nxc4 36. Nxb7 Rb8 1-0

[Event "4NCL Online Division 2"]
[Site "online"]
[Date "2020.09.22"]
[Round "3.151"]
[White "O'neill, Sam"]
[Black "Adams, Mark"]
[Result "0-1"]
[WhiteElo "1889"]
[BlackElo "1944"]
[PlyCount "114"]
[EventDate "2020.09.22"]
[WhiteTeam "Gonzaga Cing is Believing"]
[BlackTeam "The Full Ponty"]

1. e4 c5 2. Nf3 a6 3. c3 e6 4. d4 d5 5. exd5 exd5 6. Bd3 Bd6 7. O-O Ne7 8. Bg5
c4 9. Bc2 O-O 10. Bxe7 Qxe7 11. Re1 Qc7 12. Nbd2 b5 13. Ne5 Nd7 14. Nxd7 Bxd7
15. Qh5 g6 16. Qh4 Rae8 17. a3 a5 18. Nf3 Rxe1+ 19. Rxe1 f6 20. g3 Kg7 21. Kg2
Qc8 22. h3 Re8 23. Re3 Rxe3 24. fxe3 Qe8 25. e4 g5 26. Nxg5 fxg5 27. Qxg5+ Qg6
28. Qxg6+ hxg6 29. h4 dxe4 30. Bxe4 b4 31. axb4 axb4 32. cxb4 Bxb4 33. Bd5 Bb5
34. Kf3 Bd2 35. g4 Bc1 36. b3 c3 37. Be4 Bd2 38. d5 g5 39. hxg5 Bxg5 40. Bc2
Kf6 41. Ke4 Be2 42. Kd4 Bd2 43. g5+ Kxg5 44. Ke5 Bg4 45. b4 Bd7 46. d6 Kg4 47.
Bd1+ Kg3 48. Bc2 Kf3 49. Kf6 Ke2 50. Ke7 Bb5 51. Kd8 Bg5+ 52. Kc8 Kd2 53. Bb3
Be2 54. b5 Bxb5 55. d7 Be2 56. d8=Q+ Bxd8 57. Kxd8 Bd1 0-1

[Event "4NCL Online Division 2"]
[Site "online"]
[Date "2020.09.22"]
[Round "3.152"]
[White "Jones, Ian Robert"]
[Black "Nolan, Conor"]
[Result "1/2-1/2"]
[WhiteElo "1944"]
[BlackElo "1884"]
[PlyCount "112"]
[EventDate "2020.09.22"]
[WhiteTeam "The Full Ponty"]
[BlackTeam "Gonzaga Cing is Believing"]

1. e4 c6 2. d4 d5 3. Nc3 dxe4 4. Nxe4 Bf5 5. Ng3 Bg6 6. N1e2 Nf6 7. Nf4 e5 8.
dxe5 Qxd1+ 9. Kxd1 Ng4 10. Nxg6 hxg6 11. Ke2 Nxe5 12. f4 Ng4 13. h3 Nf6 14. Kf3
Nbd7 15. Bc4 Nd5 16. Re1+ Be7 17. Bxd5 cxd5 18. Bd2 Kf8 19. Bc3 Bf6 20. Bxf6
gxf6 21. Rad1 Nb6 22. Re2 f5 23. a4 a5 24. b3 Re8 25. Rxe8+ Kxe8 26. Nf1 Ke7
27. Ne3 Rd8 28. c3 Rd7 29. Nc2 Na8 30. Re1+ Kf6 31. Nd4 Nc7 32. g4 Ne6 33. gxf5
Nxd4+ 34. cxd4 Kxf5 35. Re5+ Kf6 36. Kg4 Rd8 37. h4 Rd6 38. h5 gxh5+ 39. Rxh5
Kg6 40. Rg5+ Kf6 41. Rg8 Rb6 42. Ra8 Rxb3 43. Rxa5 Rb4 44. Rxd5 Rxa4 45. Rd6+
Ke7 46. Rd5 Ke6 47. Re5+ Kf6 48. Rb5 Rxd4 49. Rb6+ Kg7 50. Rxb7 Ra4 51. Kg5 Ra1
52. f5 Rg1+ 53. Kf4 Rf1+ 54. Kg5 Rg1+ 55. Kf4 Rf1+ 56. Kg5 Rg1+ 1/2-1/2

[Event "4NCL Online Division 2"]
[Site "online"]
[Date "2020.09.22"]
[Round "3.153"]
[White "Moran, Darragh"]
[Black "Fletcher, John"]
[Result "1-0"]
[WhiteElo "1873"]
[BlackElo "1994"]
[PlyCount "91"]
[EventDate "2020.09.22"]
[WhiteTeam "Gonzaga Cing is Believing"]
[BlackTeam "The Full Ponty"]

1. d4 Nf6 2. Nf3 e6 3. c4 d5 4. g3 Ne4 5. Bg2 Be7 6. O-O Nd7 7. Nfd2 Ndf6 8.
Nxe4 Nxe4 9. Qc2 f5 10. Nd2 O-O 11. b3 Bd7 12. Bb2 a5 13. Nf3 a4 14. Ne5 a3 15.
Bc1 Bd6 16. Bf4 g5 17. Nxd7 Qxd7 18. Bxd6 Qxd6 19. Rac1 c6 20. Rfd1 Rf7 21. f3
Nf6 22. e4 fxe4 23. fxe4 dxe4 24. Bxe4 e5 25. c5 Qe7 26. d5 cxd5 27. Bxd5 Nxd5
28. Rxd5 Qf6 29. Qe2 Re8 30. Re1 e4 31. Rf1 Qxf1+ 32. Qxf1 Rxf1+ 33. Kxf1 Kf7
34. Rxg5 Kf6 35. Rg4 Ke5 36. Ke2 Kd4 37. Rg5 Re7 38. c6 bxc6 39. Ra5 Re5 40.
Rxe5 Kxe5 41. Ke3 c5 42. g4 h6 43. h4 Kd5 44. g5 hxg5 45. hxg5 Ke5 46. g6 1-0

[Event "4NCL Online Division 2"]
[Site "online"]
[Date "2020.09.22"]
[Round "3.154"]
[White "Hughes, Anthony"]
[Black "Lincoln, Marc"]
[Result "1-0"]
[WhiteElo "1873"]
[BlackElo "1885"]
[PlyCount "49"]
[EventDate "2020.09.22"]
[WhiteTeam "The Full Ponty"]
[BlackTeam "Gonzaga Cing is Believing"]

1. d4 Nf6 2. Nf3 d5 3. g3 e6 4. Bg2 c5 5. O-O Nc6 6. c4 Be7 7. cxd5 exd5 8.
dxc5 Bxc5 9. a3 a5 10. Qc2 Qb6 11. Nc3 Be7 12. Rd1 Be6 13. Be3 Qd8 14. Rac1 Ng4
15. Bd4 Nxd4 16. Nxd4 O-O 17. e4 Bg5 18. Rb1 Rc8 19. exd5 Bd7 20. Qb3 Qc7 21.
Ne4 Bh6 22. d6 Qc4 23. Qxb7 Rfd8 24. b3 Bc6 25. Qxc8 1-0

[Event "4NCL Online Division 2"]
[Site "online"]
[Date "2020.09.22"]
[Round "3.161"]
[White "Higgie, Charles L"]
[Black "Butland, Nick J"]
[Result "1/2-1/2"]
[WhiteElo "1922"]
[BlackElo "1952"]
[PlyCount "96"]
[EventDate "2020.09.22"]
[WhiteTeam "Malpas & Oswestry"]
[BlackTeam "Plymouth 1"]

1. e4 e6 2. d4 d5 3. Nc3 Bb4 4. e5 c5 5. a3 Ba5 6. b4 cxd4 7. Nb5 Bc7 8. f4 Nc6
9. Nf3 Nge7 10. Bd3 a6 11. Nbxd4 Nxd4 12. Nxd4 Bb6 13. Be3 Nf5 14. Bxf5 exf5
15. O-O Be6 16. Qd3 Rc8 17. Rf3 Qd7 18. Kh1 O-O 19. Nxe6 Qxe6 20. Bxb6 Qxb6 21.
Qxf5 Qd4 22. Raf1 Qe4 23. Qxe4 dxe4 24. Re3 Rxc2 25. Rd1 Rc4 26. Kg1 Rfc8 27.
Rde1 Kf8 28. Kf2 Rc2+ 29. R1e2 R8c3 30. Rxc2 Rxc2+ 31. Kg3 Ra2 32. h4 h5 33. f5
Ke7 34. Kf4 Rxg2 35. Rxe4 Rg4+ 36. Kf3 Rg1 37. e6 Rf1+ 38. Kg2 Rxf5 39. exf7+
Kxf7 40. Rc4 Kg6 41. a4 Kh6 42. Rc7 b5 43. Rc6+ Rf6 44. axb5 axb5 45. Rc5 Rb6
46. Kg3 g6 47. Kf4 Rb7 48. Re5 Rb6 1/2-1/2

[Event "4NCL Online Division 2"]
[Site "online"]
[Date "2020.09.22"]
[Round "3.162"]
[White "Brooks, Paul"]
[Black "Hughes, Richard"]
[Result "1/2-1/2"]
[WhiteElo "1862"]
[BlackElo "1900"]
[PlyCount "104"]
[EventDate "2020.09.22"]
[WhiteTeam "Plymouth 1"]
[BlackTeam "Malpas & Oswestry"]

1. d4 d5 2. c4 e6 3. Nc3 Nf6 4. cxd5 exd5 5. Bg5 Be7 6. e3 O-O 7. Bd3 c6 8. Qc2
h6 9. Bxf6 Bxf6 10. b4 Re8 11. Nge2 Nd7 12. O-O Nf8 13. Rab1 Ne6 14. Bf5 Ng5
15. Ng3 Bxf5 16. Qxf5 g6 17. Qd3 Qe7 18. b5 h5 19. Nge2 h4 20. h3 Ne4 21. bxc6
bxc6 22. Nxe4 dxe4 23. Qa6 Qd6 24. Rb7 Bd8 25. Rxa7 Rb8 26. Rb7 Bc7 27. g3 Ra8
28. Qc4 Ra3 29. Rc1 Re6 30. d5 Re7 31. Qxc6 Rxa2 32. Rxc7 Qxc7 33. Qxc7 Rxc7
34. Rxc7 Rxe2 35. gxh4 Rd2 36. Rd7 Kf8 37. d6 f5 38. Kg2 Ke8 39. Re7+ Kd8 40.
Re6 Kd7 41. Rxg6 f4 42. exf4 e3 43. Kf1 Rxf2+ 44. Ke1 Rxf4 45. Ke2 Rxh4 46.
Kxe3 Rxh3+ 47. Ke4 Rh1 48. Kd5 Rd1+ 49. Kc5 Rc1+ 50. Kd5 Rd1+ 51. Kc5 Rc1+ 52.
Kd5 Rd1+ 1/2-1/2

[Event "4NCL Online Division 2"]
[Site "online"]
[Date "2020.09.22"]
[Round "3.163"]
[White "Lovatt, Peter G"]
[Black "Pollock, Richard M"]
[Result "1/2-1/2"]
[WhiteElo "1877"]
[BlackElo "1870"]
[PlyCount "125"]
[EventDate "2020.09.22"]
[WhiteTeam "Malpas & Oswestry"]
[BlackTeam "Plymouth 1"]

1. e4 g6 2. f4 c6 3. d4 d5 4. e5 h5 5. Nf3 Nh6 6. Bd3 Bf5 7. Be3 e6 8. O-O Nd7
9. c3 Be7 10. Qe2 h4 11. Nbd2 Kf8 12. b4 Kg7 13. Nb3 b6 14. a4 Qc7 15. Rfc1
Bxd3 16. Qxd3 c5 17. dxc5 bxc5 18. Qd2 Ng4 19. h3 Nxe3 20. Qxe3 Rab8 21. Kh1 a6
22. Qe2 cxb4 23. cxb4 Qb6 24. b5 axb5 25. axb5 Qxb5 26. Qxb5 Rxb5 27. Nbd4 Rc5
28. Rcb1 Rhc8 29. Ra7 R5c7 30. Rbb7 Bd8 31. Rxc7 Rxc7 32. Rxc7 Bxc7 33. Nxh4
Nc5 34. g3 Ne4 35. Kg2 Bb6 36. Nhf3 Kf8 37. g4 Bd8 38. Nc6 Bb6 39. Ncd4 Bc5 40.
f5 gxf5 41. gxf5 exf5 42. Nxf5 Nf2 43. N3d4 Nd3 44. Nf3 Nf4+ 45. Kg3 Ne6 46. h4
Kg8 47. Ng5 Nxg5 48. hxg5 Kh7 49. Nh4 Be7 50. Kf4 Bc5 51. Kf3 Bd4 52. Kf4 Bf2
53. Nf3 Kg6 54. Nd2 d4 55. Ke4 Be3 56. Nf3 Bxg5 57. Nxg5 Kxg5 58. Kxd4 Kf5 59.
Kd5 Kg6 60. Kd6 Kf5 61. Kd5 Kg6 62. Kd6 Kf5 63. Kd5 1/2-1/2